00423nam a22001217a 4500008004100000082001800041100004600059110005200105245006600157260005300223300000800276440001700284230619b xxu||||| |||| 00| 0 eng d a304.67bMOFEP cMinistry of Finance and Economic planning bEconomics and ststistics divisiondjanuary 1964 aKenya Population Census 1962bAdvance Report of Volumes 1 & 2 aKenyabMinistry of finance and Economic Planning a94p vVolume 1 & 2